My name is Bilal (Record no. 117041)

MARC details
000 -LÍDER
campo de controle de tamanho fixo 00893 a2200277 4500
001 - NÚMERO DE CONTROLE
campo de controle 117041
020 ## - ISBN - INTERNATIONAL STANDARD BOOK NUMBER
ISBN - International Standard Book Number 9781590781753
020 ## - ISBN - INTERNATIONAL STANDARD BOOK NUMBER
Informação qualificadora (alk. paper)
041 ## - CÓDIGO DE IDIOMA
Código do idioma do texto/trilha sonora ou título diferente eng
082 ## - CDD - CLASSIFICAÇÃO DECIMAL DE DEWEY
Número de Classificação [E]
090 ## - NÚMERO DE CHAMADA LOCAL
Número de chamada (OCLC) (R); Número de chamada, CALL (RLIN) (NR) P Year 9 [Fic] MOB
040 ## - FONTE DA CATALOGAÇÃO
Idioma da catalogação eng
Instituição que modificou o registro BR-BrIDEA
050 ## - NÚMERO DE CONTROLE DA LIBRARY OF CONGRESS
Número de Classificação PZ7.M71273
Número do exemplar My 2005
100 ## - ENTRADA PRINCIPAL--NOME PESSOAL
Nome pessoal Mobin-Uddin, Asma
250 ## - EDIÇÃO
Edição 1st ed.
245 10 - TÍTULO
Título My name is Bilal
Indicação de responsabilidade, etc. by Asma Mobin-Uddin ; illustrated by Barbara Kiwak
260 ## - PUBLICAÇÃO, DISTRIBUIÇÃO, ETC.
Local de publicação, distribuição, etc. New York, NY
Nome do editor, distribuidor, etc. Body Mills
Data da publicação, distribuição, etc. 2005
300 ## - DESCRIÇÃO FÍSICA
Extensão 1 volume (unpaged)
Outros detalhes físicos color illustrations
Dimensões 24 x 26 cm
520 ## - NOTA DE RESUMO, ETC
Resumo, etc. When Bilal and his sister transfer to a school where they are the only Muslims, they must learn how to fit in while staying true to their beliefs and heritage
596 ## -
-- 2 5 31
697 ## - ENTRADA DE ASSUNTO LOCAL--ENTIDADE COLETIVA (RLIN)
Nome corporativo ou nome da jurisdição Muslims
697 ## - ENTRADA DE ASSUNTO LOCAL--ENTIDADE COLETIVA (RLIN)
Nome corporativo ou nome da jurisdição Schools - Fiction
700 ## - ENTRADA ADICIONADA - NOME PESSOAL
Nome pessoal Kiwak, Barbara
Função do autor por extenso illustrator
856 ## - LOCALIZAÇÃO ELETRÔNICA E ACESSO
Uniform Resource Identifier <a href="000028/00002847.jpg">000028/00002847.jpg</a>
942 ## - ELEMENTOS DE ENTRADA ADICIONADOS (KOHA)
Tipo de material Koha Livros
Holdings
Situação do descarte Situação das perdas Fonte da classificação ou esquema de arquivamento na estante Situação física Não pode ser emprestado Biblioteca de origem Biblioteca atual Data de aquisição Total de empréstimos Número de chamada completo Código de barras Data de último acesso Data do preço efetivo Tipo de material Koha
    Classificação Decimal de Dewey     ECB - SUDOESTE ECB - SUDOESTE 24/02/2021   P Year 9 [E] MOB 00053367SSW 23/01/2024 23/01/2024 Livros